True or false about presidents Quiz Stats

Quiz not verified by Sporcle

Challenge
Share
Tweet
Embed
Score 0/30 Timer 02:00
0 Plays Today
Fact True or False % Correct
The teddy bear was named off of Theodore RooseveltTrue
98.7%
George Washington ran for four termsFalse
98.4%
Abraham Lincoln was shot by John Wilkes BoothTrue
95%
Five presidents were assassinatedFalse
94.7%
The fifth president was James MadisonFalse
94.4%
Grover Cleveland served two non-consecutive termsTrue
93.7%
Theodore Roosevelt was maried to Anna Eleanor RooseveltFalse
92.5%
Andrew Johnson served from 1865-1869True
92.2%
Warren Harding was the 29th presidentTrue
89.3%
Dwight Eisenhower was a DemocratFalse
89.3%
Thomas Jefferson could read Greek,Latin,French,and EnglishTrue
86.5%
Martin VanBuren married Hannah HoesTrue
86.2%
Benjamin Harrison was the 23rd presidentTrue
84.3%
John Kennedy was a RepublicanFalse
83.4%
James Buchanan never marriedTrue
82.4%
Fact True or False % Correct
William McKinley was president during the Spanish-American War True
74%
Franklin Pierce married Katie PierceFalse
71.8%
Ulysses Grant was the 19th presidentFalse
71.2%
Richard Nixon was a RepublicanTrue
71.2%
James Polk married Sarah ChildressTrue
69%
William Taft was president during World War 1False
68.7%
Calvin Coolidge was married to Grace Anna GoodhueTrue
65.8%
Millard Fillmore was the 12th presidentFalse
64.9%
James Buchanan was a DemocratTrue
63.9%
Herbert Hoover married Lou HenryTrue
61.8%
John Tyler married Letitia ChristitanTrue
58.9%
John Quincy Adams was the 7th presidentFalse
57.1%
Grover Cleveland was a RepublicanFalse
54.2%
Richard Nixon was married to Elizabeth Bloomer WarrenFalse
52.7%
Franklin Delano Roosevelt was the 32nd presidenTrue
49.8%

You're not logged in!

Compare scores with friends on all Sporcle quizzes.
Sign Up with Email
OR
Log In

You Might Also Like...

Show Comments

Extras

Top Quizzes Today


Score Distribution

Your Account Isn't Verified!

In order to create a playlist on Sporcle, you need to verify the email address you used during registration. Go to your Sporcle Settings to finish the process.

Report this User

Report this user for behavior that violates our Community Guidelines.

Details: